Pokémon with 4x weakness to Poison - Statistics

General Stats
  • This quiz has been taken 207 times
  • The average score is 4 of 5
Answer Stats
Gen Answer % Correct
V Cottonee
96%
V Whimsicott
96%
VII Shiinotic
84%
VII Morelull
82%
VII Tapu Bulu
76%
No matching quizzes found
Score Distribution
Percent of People with Each Score
Percentile by Number Answered
Your Score History
You have not taken this quiz